000 00564nam a2200193 i 4500
001 29744
003 ES-MaACL
005 20250920063032.0
007 t|
008 030122s1917 fr ||||1| fre d
100 1 _aBarrès, Maurice,
_d1862-1923
_925947
245 1 4 _aLes diverses familles spirituelles de la France /
_cMaurice Barrés.
260 _aParís :
_bEmile Paul,
_c1917 (
_fChaix et Cie)
300 _a316 p. ;
_c19 cm.
852 _aES-MaACL
_jA-3940
852 _aES-MaACL
_jF-3200
852 _aES-MaACL
_jG-9025
999 _c29744
_d29744